书目信息 |
| 题名: |
寿险精算
|
|
| 作者: | 李秀芳 主编 | |
| 分册: | ||
| 出版信息: | 北京 中国人民大学出版社 2004 |
|
| 页数: | 267页 | |
| 开本: | 23cm | |
| 丛书名: | ||
| 单 册: | ||
| 中图分类: | F840.62 | |
| 科图分类: | ||
| 主题词: | 人寿保险--计算方法--教材 , 人寿保险 , 计算方法 | |
| 电子资源: | ||
| ISBN: | 7-300-05454-4 | |
| 000 | 00969nam0 2200277 450 | |
| 000 | 00982nam0 2200277 450 | |
| 000 | 00912nam0 2200253 450 | |
| 000 | 00876nam0 2200241 45 | |
| 005 | 20070725153342.14 | |
| 010 | @a7-300-05454-4@dCNY18.00 | |
| 100 | @a20070626d2004 em y0chiy0120 ea | |
| 101 | 0 | @achi |
| 102 | @aCN@b110000 | |
| 105 | @ay z 000yy | |
| 200 | 1 | @a寿险精算@AShou Xian Jing Suan@f李秀芳等主编@FLi Xiu Fang Deng Zhu Bian |
| 210 | @a北京@c中国人民大学出版社@d2004 | |
| 215 | @a267页@d23cm | |
| 300 | @a教育部、保监会推荐教材经济管理类课程教材保险系列 | |
| 330 | @a本书以人寿保险为基础,对人寿保险精算基本原理、基本技能进行阐述,对寿险精算实务进行探讨,注重与中国目前的精算实务标准、偿付能力监管等现实问题的结合。 | |
| 606 | 0 | @a人寿保险@x计算方法@j教材 |
| 606 | 0 | @a人寿保险 |
| 606 | 0 | @a计算方法 |
| 690 | @aF840.62@v4 | |
| 701 | 0 | @a李秀芳@ALi Xiu Fang@c(保险)@4主编 |
| 801 | 0 | @aCN@bTAOJIN@c20070725 |
| 905 | @a10447@dF840.62@e41 | |
| 寿险精算/李秀芳等主编.-北京:中国人民大学出版社,2004 |
| 267页;23cm |
| 教育部、保监会推荐教材经济管理类课程教材保险系列 |
| ISBN 7-300-05454-4:CNY18.00 |
| 本书以人寿保险为基础,对人寿保险精算基本原理、基本技能进行阐述,对寿险精算实务进行探讨,注重与中国目前的精算实务标准、偿付能力监管等现实问题的结合。 |
| ● |
| 相关链接 |
|
|
|
|
正题名:寿险精算
索取号:F840.62/41
 
预约/预借
| 序号 | 登录号 | 条形码 | 馆藏地/架位号 | 状态 | 备注 |
| 1 | 0825971 | 208259711 | 第一样本阅览室/ [索取号:F840.62/41] | 在馆 | |
| 2 | 0825972 | 208259720 | 密集书库/ [索取号:F840.62/41] | 在馆 | |
| 3 | 0825973 | 208259739 | 第一借阅区/ [索取号:F840.62/41] | 在馆 | |
| 4 | 0825974 | 208259748 | 第一借阅区/ [索取号:F840.62/41] | 在馆 | |
| 5 | 0825975 | 208259757 | 第一借阅区/ [索取号:F840.62/41] | 在馆 | |
| 6 | 0825976 | 208259766 | 第一借阅区/ [索取号:F840.62/41] | 在馆 | |
| 7 | 0825977 | 208259775 | 密集书库/ [索取号:F840.62/41] | 在馆 | |
| 8 | 0825978 | 208259784 | 第一借阅区/ [索取号:F840.62/41] | 在馆 |